| 000 | 01999nam a22002417a 4500 | ||
|---|---|---|---|
| 999 |
_c63732 _d63732 |
||
| 003 | Ge_BSU | ||
| 005 | 20251217152616.0 | ||
| 008 | 251217s2021 ge ||||| |||| 00| 0 geo d | ||
| 020 | _a9789941960697 | ||
| 041 | _ageo | ||
| 080 | _a316(479.22)(092)(038) : 929(479.22)(038) ი-47 | ||
| 100 |
_aიმედაშვილი, იოსებ _926544 |
||
| 245 |
_aქართველ მოღვაწეთა ლექსიკონი : _b1801-1952. ტომი 2, ე - ლ / _cიოსებ იმედაშვილი; ტექსტს რედაქცია გაუკეთა, ხელნაწერი და მისი ვარიანტები შეადარა და ბიბლიოგრაფია შეავსო ქეთევან გზირიშვილმა; სარედაქციო კოლეგია: ქეთევან გზირიშვილი, ლევან თაქთაქიშვილი, კობა იმედაშვილი, თინა ლაღიძე; გარეკანი გიორგი წერეთლისა. |
||
| 264 |
_aთბილისი : _bეროვნული ბიბლიოთეკის გამ-ბა, _c2021. |
||
| 300 |
_a898 გვ. : _bპორტრ. _c29 სმ. |
||
| 700 |
_aგზირიშვილი, ქეთევან _eრედაქტორი _926545 |
||
| 700 |
_aთაქთაქიშვილი, ლევან _eრედაქტორი _9328 |
||
| 700 |
_aიმედაშვილი, კობა _eრედაქტორი _926546 |
||
| 700 |
_aლაღიძე, თინა _e რედაქტორი _926547 |
||
| 700 |
_aწერეთელი, გიორგი _e გარეკანის ავტორი _926549 |
||
| 856 |
_uhttps://dspace.nplg.gov.ge/bitstream/1234/362985/1/Qartvel_Moghvaweta_Leqsikoni_Tomi-II.pdf _yელ. ვერსია |
||
| 942 |
_2udc _cᲬᲘᲒᲜᲘ |
||